[Event "Krapina op 7th"]
[Site "Krapina"]
[Date "2017.01.14"]
[Round "5.16"]
[White "Lupinski, Valentin"]
[Black "Krklec, Josip"]
[Result "1-0"]
[WhiteElo "1553"]
[BlackElo "1606"]
[PlyCount "75"]
[EventDate "2017.01.12"]
[EventType "swiss"]
[EventRounds "7"]
[EventCountry "CRO"]
[Source "Mirjana Medic"]
[SourceDate "2017.01.13"]

1. d4 d5 2. Bg5 Nc6 3. e3 Nf6 4. Nd2 a6 5. h3 Bf5 6. a3 e6 7. Ngf3 h6 8. Bh4
Bd6 9. c4 g5 10. Bg3 Bxg3 11. fxg3 Qd6 12. Kf2 Ne4+ 13. Nxe4 Bxe4 14. g4 O-O-O
15. c5 Qe7 16. b4 Rdf8 17. b5 axb5 18. Bxb5 f5 19. Bxc6 bxc6 20. Qa4 fxg4 21.
hxg4 Kd7 22. Ke2 Bxf3+ 23. gxf3 Qf6 24. Raf1 Ra8 25. Qb3 Rhb8 26. Qc3 Ra4 27.
Rb1 Rf8 28. Rhf1 Rfa8 29. Rb3 Rc4 30. Qd3 Qg7 31. Ra1 Raa4 32. Rb8 Rxc5 33.
dxc5 d4 34. e4 Qe5 35. Re1 Qxc5 36. Rb3 Qe5 37. Rb4 Rxb4 38. axb4 1-0

[Event "Krapina op 7th"]
[Site "Krapina"]
[Date "2017.01.15"]
[Round "6.2"]
[White "Svrtan, Zlatko"]
[Black "Zigovecki, Vladimir"]
[Result "1-0"]
[WhiteElo "2088"]
[BlackElo "1885"]
[PlyCount "89"]
[EventDate "2017.01.12"]
[EventType "swiss"]
[EventRounds "7"]
[EventCountry "CRO"]
[Source "Mirjana Medic"]
[SourceDate "2017.01.13"]

1. e4 e6 2. d4 d5 3. e5 c5 4. c3 Nc6 5. Nf3 Bd7 6. a3 c4 7. b4 cxb3 8. Qxb3 Na5
9. Qd1 Rc8 10. Bd3 Be7 11. O-O b5 12. Nbd2 Nc4 13. Nxc4 bxc4 14. Bc2 f6 15.
exf6 Nxf6 16. Nd2 O-O 17. Nf3 Bd6 18. Re1 Qc7 19. h3 Rce8 20. Ne5 Re7 21. Bg5
Be8 22. Re3 h6 23. Bh4 g5 24. Bg3 Nh5 25. Bh2 Kg7 26. a4 a5 27. Qd2 Nf4 28.
Rae1 Ng6 29. Qe2 Bxe5 30. Bxe5+ Nxe5 31. Rxe5 Bf7 32. h4 Bg6 33. Bxg6 Kxg6 34.
Rxe6+ Rxe6 35. Qxe6+ Rf6 36. h5+ Kg7 37. Qxd5 Qf4 38. Re7+ Kh8 39. Re8+ Rf8 40.
Rxf8+ Qxf8 41. Qxa5 Qa3 42. g3 Qc1+ 43. Kg2 Qd1 44. Qd8+ Kg7 45. Qe7+ 1-0

[Event "Krapina op 7th"]
[Site "Krapina"]
[Date "2017.01.15"]
[Round "6.3"]
[White "Zelenika, Zoran"]
[Black "Abramovic, Darko"]
[Result "1/2-1/2"]
[WhiteElo "2115"]
[BlackElo "2118"]
[PlyCount "93"]
[EventDate "2017.01.12"]
[EventType "swiss"]
[EventRounds "7"]
[EventCountry "CRO"]
[Source "Mirjana Medic"]
[SourceDate "2017.01.13"]

1. Nf3 d5 2. g3 Nf6 3. Bg2 c5 4. O-O Nc6 5. d4 Bg4 6. c3 cxd4 7. Nxd4 Nxd4 8.
cxd4 e6 9. Nc3 h6 10. Qb3 Qb6 11. Qxb6 axb6 12. e4 dxe4 13. Nxe4 Nd5 14. Nc3
Nxc3 15. bxc3 O-O-O 16. Rb1 Kc7 17. Re1 Bd6 18. Be3 Bf5 19. Rb2 Bd3 20. d5 b5
21. dxe6 fxe6 22. a4 Be5 23. axb5 Bc4 24. Rb4 Bd5 25. Bb6+ Kxb6 26. Rxe5 Rhe8
27. Rd4 Bxg2 28. Kxg2 Rxd4 29. cxd4 Rd8 30. Rxe6+ Kxb5 31. Re7 b6 32. Rxg7 Rxd4
33. Rg6 Kc5 34. Rxh6 b5 35. Rh5+ Kc4 36. Rh8 b4 37. Rc8+ Kd3 38. h4 b3 39. f4
Rb4 40. Rc1 b2 41. Rd1+ Kc2 42. Rf1 Rd4 43. Kf3 Rd1 44. Rf2+ Rd2 45. Rf1 Rd1
46. Rf2+ Rd2 47. Rf1 1/2-1/2

[Event "Krapina op 7th"]
[Site "Krapina"]
[Date "2017.01.15"]
[Round "6.4"]
[White "Mlinaric, Andrija"]
[Black "Galoic, Boris"]
[Result "0-1"]
[WhiteElo "1888"]
[BlackElo "2041"]
[PlyCount "64"]
[EventDate "2017.01.12"]
[EventType "swiss"]
[EventRounds "7"]
[EventCountry "CRO"]
[Source "Mirjana Medic"]
[SourceDate "2017.01.13"]

1. d4 d5 2. Bf4 Nf6 3. e3 e6 4. Nd2 Bd6 5. Bg3 O-O 6. Ngf3 c5 7. c3 a6 8. dxc5
Bxc5 9. a4 b6 10. b4 Bd6 11. Ne5 Qc7 12. Nd3 Bb7 13. Bxd6 Qxd6 14. f3 Nbd7 15.
Be2 Rac8 16. Rc1 Ne5 17. O-O Nxd3 18. Bxd3 Qe5 19. Qe2 Rxc3 20. f4 Qc7 21. Nb3
Rxc1 22. Rxc1 Qd6 23. Qd2 e5 24. fxe5 Qxe5 25. h3 g6 26. a5 bxa5 27. Nxa5 Bc8
28. Nc6 Qd6 29. Nd4 Ne4 30. Qe1 Bb7 31. Bxa6 Qxa6 32. b5 Qd6 0-1

[Event "Krapina op 7th"]
[Site "Krapina"]
[Date "2017.01.15"]
[Round "6.5"]
[White "Hamer, Ivan"]
[Black "Golub, Nikolina"]
[Result "1-0"]
[WhiteElo "1956"]
[BlackElo "1856"]
[PlyCount "67"]
[EventDate "2017.01.12"]
[EventType "swiss"]
[EventRounds "7"]
[EventCountry "CRO"]
[Source "Mirjana Medic"]
[SourceDate "2017.01.13"]

1. d4 d5 2. c4 e6 3. Nc3 Nf6 4. Bg5 Be7 5. Nf3 O-O 6. e3 h6 7. Bh4 b6 8. Rc1
Bb7 9. Bxf6 Bxf6 10. cxd5 exd5 11. Bd3 Nd7 12. O-O Re8 13. Nb5 Rc8 14. Nxa7 Ra8
15. Nb5 Re7 16. Nxc7 Rxa2 17. Qb3 Ra5 18. Nb5 Nf8 19. Rc3 Ne6 20. Rfc1 Qd7 21.
Na3 Qd8 22. Bb5 g6 23. Bc6 Nc5 24. Rxc5 bxc5 25. Bxb7 c4 26. Qb4 Ra7 27. Bc6
Re6 28. Bxd5 Rb6 29. Qxc4 Rxb2 30. Nb5 Rd7 31. Bc6 Re7 32. d5 Qa5 33. d6 Re6
34. Bd7 1-0

[Event "Krapina op 7th"]
[Site "Krapina"]
[Date "2017.01.15"]
[Round "6.6"]
[White "Cipan, Viktor"]
[Black "Skupnjak, Milan"]
[Result "0-1"]
[WhiteElo "1663"]
[BlackElo "1953"]
[PlyCount "62"]
[EventDate "2017.01.12"]
[EventType "swiss"]
[EventRounds "7"]
[EventCountry "CRO"]
[Source "Mirjana Medic"]
[SourceDate "2017.01.13"]

1. e4 e6 2. d4 d5 3. Nd2 c5 4. Bb5+ Bd7 5. Bxd7+ Qxd7 6. Ngf3 Nc6 7. c3 cxd4 8.
exd5 Qxd5 9. c4 Qd7 10. O-O e5 11. Re1 f6 12. Nb3 Rd8 13. Nfd2 Bb4 14. a3 Bxd2
15. Bxd2 b6 16. f4 Nge7 17. Qh5+ g6 18. Qf3 O-O 19. Bb4 a5 20. Bxe7 Nxe7 21.
Nd2 Nc6 22. Rad1 Rfe8 23. Ne4 Kg7 24. fxe5 fxe5 25. Qf6+ Kg8 26. Qh4 Qe7 27.
Qf6 Qe6 28. Qh4 Qe7 29. Nf6+ Kh8 30. Qxh7+ Qxh7 31. Nxh7 Kxh7 0-1

[Event "Krapina op 7th"]
[Site "Krapina"]
[Date "2017.01.15"]
[Round "6.7"]
[White "Kolic, Mario"]
[Black "Bockaj, Ivan"]
[Result "1/2-1/2"]
[WhiteElo "1009"]
[BlackElo "1912"]
[PlyCount "96"]
[EventDate "2017.01.12"]
[EventType "swiss"]
[EventRounds "7"]
[EventCountry "CRO"]
[Source "Mirjana Medic"]
[SourceDate "2017.01.13"]

1. e4 c6 2. d4 d5 3. exd5 cxd5 4. Bd3 Nc6 5. c3 Qc7 6. Be3 Nf6 7. Nd2 Bg4 8.
Qc2 e6 9. Ngf3 Be7 10. h3 Bh5 11. Qa4 O-O 12. g4 Bg6 13. Bxg6 hxg6 14. g5 Nh5
15. O-O-O a6 16. Qc2 b5 17. Kb1 Rfc8 18. Nh4 Kh7 19. Rc1 Bd6 20. Ndf3 Bf4 21.
Bxf4 Qxf4 22. Rhg1 a5 23. Rg4 Qd6 24. Re1 a4 25. a3 b4 26. Ne5 b3 27. Qd3 Nxe5
28. dxe5 Qc5 29. f4 Qf2 30. Rf1 Qc5 31. Nxg6 fxg6 32. Rh4 Qc4 33. Rxh5+ Kg8 34.
Qxc4 Rxc4 35. Rh4 Re4 36. Kc1 Rf8 37. Kd2 Rxe5 38. fxe5 Rxf1 39. Rxa4 Rb1 40.
Ra8+ Kh7 41. a4 Rxb2+ 42. Kc1 Rc2+ 43. Kb1 Rxc3 44. Kb2 d4 45. a5 Rc5 46. a6 d3
47. a7 Ra5 48. Kxb3 d2 1/2-1/2

[Event "Krapina op 7th"]
[Site "Krapina"]
[Date "2017.01.15"]
[Round "6.8"]
[White "Rickovic, Tomislav"]
[Black "Takac, Zvonko"]
[Result "0-1"]
[WhiteElo "1597"]
[BlackElo "2005"]
[PlyCount "46"]
[EventDate "2017.01.12"]
[EventType "swiss"]
[EventRounds "7"]
[EventCountry "CRO"]
[Source "Mirjana Medic"]
[SourceDate "2017.01.13"]

1. d4 Nf6 2. Nf3 g6 3. Bf4 Bg7 4. e3 Nh5 5. Bg3 c5 6. c3 Qb6 7. Qc2 Nxg3 8.
hxg3 cxd4 9. cxd4 Nc6 10. a3 d6 11. Bd3 Qa5+ 12. Nbd2 Nb4 13. Qb3 Nxd3+ 14.
Qxd3 Bd7 15. Qc3 Qxc3 16. bxc3 Rc8 17. Rc1 O-O 18. Ne4 Rc7 19. Kd2 h6 20. Kc2
Bf5 21. Nfd2 d5 22. g4 Bxe4+ 23. Nxe4 dxe4 0-1

[Event "Krapina op 7th"]
[Site "Krapina"]
[Date "2017.01.15"]
[Round "6.9"]
[White "Kozina, Zdenko"]
[Black "Franc, Borna"]
[Result "1-0"]
[WhiteElo "1925"]
[BlackElo "1660"]
[PlyCount "71"]
[EventDate "2017.01.12"]
[EventType "swiss"]
[EventRounds "7"]
[EventCountry "CRO"]
[Source "Mirjana Medic"]
[SourceDate "2017.01.13"]

1. d4 Nf6 2. Nf3 e6 3. c4 b6 4. e3 Bb7 5. Bd3 Be7 6. Nc3 O-O 7. e4 d6 8. O-O
Nbd7 9. Re1 e5 10. d5 Nc5 11. Bc2 a5 12. Be3 Nfd7 13. a3 Nf6 14. h3 Re8 15. Qd2
Ncd7 16. Ne2 Nf8 17. Ng3 Ng6 18. Ng5 h6 19. Nf3 Bf8 20. Ba4 Nd7 21. Nh2 Rc8 22.
Ng4 Ba6 23. Rac1 Kh7 24. Bxh6 Kh8 25. Be3 Bb7 26. Qe2 Ne7 27. h4 c6 28. Qf3 f6
29. h5 Kg8 30. h6 Ng6 31. Nf5 gxh6 32. Bxh6 Bxh6 33. Ngxh6+ Kh7 34. Qh5 Nf4 35.
Qf7+ Kh8 36. Qg7# 1-0

[Event "Krapina op 7th"]
[Site "Krapina"]
[Date "2017.01.15"]
[Round "6.10"]
[White "Kralj, Kresimir"]
[Black "Klement, Dubravko"]
[Result "0-1"]
[WhiteElo "1749"]
[BlackElo "1919"]
[PlyCount "160"]
[EventDate "2017.01.12"]
[EventType "swiss"]
[EventRounds "7"]
[EventCountry "CRO"]
[Source "Mirjana Medic"]
[SourceDate "2017.01.13"]

1. c4 Nf6 2. Nc3 c6 3. d4 d5 4. cxd5 cxd5 5. g3 g6 6. Bg2 Bg7 7. Qb3 e6 8. Bg5
Nc6 9. Nf3 h6 10. Bxf6 Bxf6 11. e3 O-O 12. O-O Na5 13. Qc2 Bd7 14. Rac1 Rc8 15.
Nd2 b5 16. b4 Nc4 17. Rfd1 Qe7 18. Qb3 Rc7 19. Nxc4 dxc4 20. Qb1 Rb8 21. d5 Be5
22. Ne4 exd5 23. Rxd5 Bc6 24. Nc5 Bxd5 25. Bxd5 Rxc5 26. bxc5 Kg7 27. c6 c3 28.
Qe4 b4 29. Qc4 Bc7 30. Rc2 a5 31. Re2 a4 32. Kg2 Qf6 33. e4 b3 34. axb3 axb3
35. e5 Bxe5 36. c7 Rc8 37. Qxb3 Rxc7 38. Rc2 Qf5 39. Qa2 h5 40. h4 Bd4 41. Bf3
Ra7 42. Qb3 Ra1 43. Rxc3 Bxc3 44. Qxc3+ Qf6 45. Qe3 Rb1 46. Bd5 Rb5 47. Bf3 Re5
48. Qd2 Rb5 49. Qe3 Rf5 50. Qd3 Qa1 51. Qe3 Re5 52. Qd3 Re1 53. Kh2 Qb2 54. Kg2
Ra1 55. Bd5 Qc1 56. Kh3 Qf1+ 57. Qxf1 Rxf1 58. Kg2 Rb1 59. Be4 Rb2 60. Bd5 f6
61. Bf3 f5 62. Bc6 Kf6 63. Be8 Re2 64. Bb5 Re4 65. f4 Ke7 66. Kf3 Rb4 67. Bc6
Rb6 68. Bd5 Kd6 69. Bc4 Kc5 70. Bf7 Kd4 71. Ke2 Ke4 72. Kf2 Rb2+ 73. Kg1 Kf3
74. Bxg6 Kxg3 75. Bxf5 Kxh4 76. Bd3 Rd2 77. Bg6 Kg4 78. f5 Rd6 79. Kg2 h4 80.
Bf7 Rd2+ 0-1

[Event "Krapina op 7th"]
[Site "Krapina"]
[Date "2017.01.15"]
[Round "6.11"]
[White "Kostelic, Tihomir"]
[Black "Grmovsek, Mihael"]
[Result "1-0"]
[WhiteElo "1720"]
[BlackElo "1626"]
[PlyCount "61"]
[EventDate "2017.01.12"]
[EventType "swiss"]
[EventRounds "7"]
[EventCountry "CRO"]
[Source "Mirjana Medic"]
[SourceDate "2017.01.13"]

1. d4 e6 2. Nf3 Nf6 3. Bf4 Nc6 4. e3 a6 5. c3 d5 6. Nbd2 Bd7 7. Bd3 Be7 8. h3
h6 9. Bh2 g5 10. Ne5 Bd6 11. e4 dxe4 12. Nxe4 Bxe5 13. Bxe5 Nxe5 14. dxe5 Nd5
15. c4 Nf4 16. Nf6+ Kf8 17. Nxd7+ Qxd7 18. Be4 Qe7 19. O-O Rd8 20. Qf3 Rg8 21.
Rfd1 c6 22. Rac1 Ng6 23. Qh5 Nxe5 24. Rxd8+ Qxd8 25. Rd1 Qf6 26. b3 g4 27. Rd8+
Qxd8 28. Qxe5 gxh3 29. g3 Qd1+ 30. Kh2 Qg4 31. Bh7 1-0

[Event "Krapina op 7th"]
[Site "Krapina"]
[Date "2017.01.15"]
[Round "6.12"]
[White "Lescan, Marijan"]
[Black "Kupek, Robert"]
[Result "1/2-1/2"]
[WhiteElo "1818"]
[BlackElo "1655"]
[PlyCount "38"]
[EventDate "2017.01.12"]
[EventType "swiss"]
[EventRounds "7"]
[EventCountry "CRO"]
[Source "Mirjana Medic"]
[SourceDate "2017.01.13"]

1. d4 d5 2. Bf4 Bf5 3. e3 Nf6 4. Nf3 e6 5. c4 dxc4 6. Bxc4 c5 7. O-O cxd4 8.
Nxd4 Bxb1 9. Bb5+ Nbd7 10. Rxb1 g6 11. Rc1 Bg7 12. Bd6 Bf8 13. Bc7 Qe7 14. Nf3
a6 15. Qa4 Qb4 16. Bxd7+ Nxd7 17. Qxb4 Bxb4 18. a3 Be7 19. Rfd1 Nf6 1/2-1/2

[Event "Krapina op 7th"]
[Site "Krapina"]
[Date "2017.01.15"]
[Round "6.13"]
[White "Puljic, Ljubomir"]
[Black "Lupinski, Valentin"]
[Result "0-1"]
[WhiteElo "1387"]
[BlackElo "1553"]
[PlyCount "98"]
[EventDate "2017.01.12"]
[EventType "swiss"]
[EventRounds "7"]
[EventCountry "CRO"]
[Source "Mirjana Medic"]
[SourceDate "2017.01.13"]

1. e4 c5 2. c4 e5 3. d3 d6 4. Nc3 Nf6 5. Nf3 h6 6. Be2 Bg4 7. h3 Bh5 8. Nh2
Bxe2 9. Qxe2 Nc6 10. Be3 Be7 11. O-O Nd4 12. Bxd4 cxd4 13. Nd5 Nxd5 14. cxd5
Rc8 15. Rac1 O-O 16. f4 Rxc1 17. Rxc1 exf4 18. Qg4 g5 19. Qh5 Kg7 20. Ng4 Rh8
21. e5 f5 22. exf6+ Bxf6 23. Nxf6 Kxf6 24. Qg4 Qe7 25. Rc4 Re8 26. Kh2 Qe5 27.
Qf3 Qe3 28. Qg4 Qxd3 29. Rc1 f3 30. Qh5 fxg2 31. Qxe8 g1=Q+ 32. Rxg1 Qd2+ 33.
Rg2 Qf4+ 34. Kg1 Qc1+ 35. Kf2 Qf4+ 36. Ke2 d3+ 37. Kxd3 Qf3+ 38. Kc4 Qxg2 39.
Qe6+ Kg7 40. Qe7+ Kg6 41. Qxd6+ Kh5 42. Qe6 Qc2+ 43. Kd4 Qxb2+ 44. Kd3 Qb1+ 45.
Kd4 Qb2+ 46. Ke4 Qe2+ 47. Kd4 Qb2+ 48. Ke4 Qb4+ 49. Ke5 Qf4# 0-1

[Event "Krapina op 7th"]
[Site "Krapina"]
[Date "2017.01.15"]
[Round "6.14"]
[White "Oreski, Zdravko"]
[Black "Trsinski, Stjepan"]
[Result "1-0"]
[WhiteElo "1527"]
[BlackElo "1824"]
[PlyCount "51"]
[EventDate "2017.01.12"]
[EventType "swiss"]
[EventRounds "7"]
[EventCountry "CRO"]
[Source "Mirjana Medic"]
[SourceDate "2017.01.13"]

1. d4 e5 2. dxe5 Nc6 3. Nf3 Qe7 4. e3 Nxe5 5. Be2 Nxf3+ 6. Bxf3 Qb4+ 7. Nc3 Nf6
8. O-O c6 9. a3 Qa5 10. Rb1 d5 11. b4 Qc7 12. Bb2 Bd6 13. g3 h5 14. Ne2 h4 15.
Nf4 Qe7 16. c4 Bf5 17. Rc1 dxc4 18. Rxc4 hxg3 19. hxg3 Be6 20. Rxc6 Rd8 21.
Rxd6 Rxd6 22. Qa4+ Kf8 23. Qxa7 Bc8 24. Rc1 Qd7 25. Qb8 Ke7 26. Rc7 1-0

[Event "Krapina op 7th"]
[Site "Krapina"]
[Date "2017.01.15"]
[Round "6.15"]
[White "Tretinjak, Dario"]
[Black "Kovac, Mihael"]
[Result "1/2-1/2"]
[WhiteElo "1801"]
[BlackElo "1687"]
[PlyCount "63"]
[EventDate "2017.01.12"]
[EventType "swiss"]
[EventRounds "7"]
[EventCountry "CRO"]
[Source "Mirjana Medic"]
[SourceDate "2017.01.13"]

1. d4 Nf6 2. c4 e6 3. Nf3 b6 4. Nc3 Bb4 5. Bd2 Bb7 6. e3 O-O 7. Be2 d6 8. O-O
Nbd7 9. a3 Bxc3 10. Bxc3 Ne4 11. Be1 c5 12. Nd2 Ndf6 13. Nxe4 Bxe4 14. f3 Bb7
15. Bc3 Rc8 16. Rc1 Re8 17. e4 cxd4 18. Qxd4 d5 19. e5 Nd7 20. b4 dxc4 21. Bxc4
Nf8 22. Qg4 Ng6 23. Bb5 Bc6 24. Rfd1 Qe7 25. Ba6 Rcd8 26. Bd3 b5 27. f4 Qh4 28.
Qxh4 Nxh4 29. Be1 Nxg2 30. Rxc6 Nxe1 31. Bxh7+ Kxh7 32. Rxe1 1/2-1/2

[Event "Krapina op 7th"]
[Site "Krapina"]
[Date "2017.01.15"]
[Round "6.16"]
[White "Vincelj, Leopold"]
[Black "Kostelac, Tea"]
[Result "1-0"]
[WhiteElo "1642"]
[BlackElo "1333"]
[PlyCount "21"]
[EventDate "2017.01.12"]
[EventType "swiss"]
[EventRounds "7"]
[EventCountry "CRO"]
[Source "Mirjana Medic"]
[SourceDate "2017.01.13"]

1. e4 e5 2. Nf3 Nc6 3. c3 Nf6 4. d3 Bc5 5. h3 h6 6. b4 Bd6 7. Na3 Nxb4 8. cxb4
Bxb4+ 9. Nd2 d5 10. Qa4+ c6 11. Qxb4 1-0

[Event "Krapina op 7th"]
[Site "Krapina"]
[Date "2017.01.15"]
[Round "7.2"]
[White "Starcevic, Ante Leon"]
[Black "Zelenika, Zoran"]
[Result "1-0"]
[WhiteElo "2114"]
[BlackElo "2115"]
[PlyCount "58"]
[EventDate "2017.01.12"]
[EventType "swiss"]
[EventRounds "7"]
[EventCountry "CRO"]
[Source "Mirjana Medic"]
[SourceDate "2017.01.13"]

1. c4 Nf6 2. Nc3 d5 3. cxd5 Nxd5 4. Nf3 Nxc3 5. bxc3 c5 6. d4 g6 7. g3 Bg7 8.
Bg2 Bg4 9. Qb3 Qb6 10. Ne5 Qxb3 11. axb3 Bc8 12. Be3 O-O 13. O-O a6 14. Rfc1
Bxe5 15. dxe5 Nd7 16. f4 Rb8 17. b4 b6 18. Rcb1 cxb4 19. cxb4 e6 20. Rd1 f6 21.
Rac1 fxe5 22. Rxc8 Rbxc8 23. Rxd7 exf4 24. Bd4 Rc1+ 25. Kf2 fxg3+ 26. Kxg3 Rf5
27. Bh3 Rb5 28. Bxe6+ Kf8 29. Bf6 Rc8 1-0

[Event "Krapina op 7th"]
[Site "Krapina"]
[Date "2017.01.15"]
[Round "7.3"]
[White "Abramovic, Darko"]
[Black "Skupnjak, Milan"]
[Result "1/2-1/2"]
[WhiteElo "2118"]
[BlackElo "1953"]
[PlyCount "112"]
[EventDate "2017.01.12"]
[EventType "swiss"]
[EventRounds "7"]
[EventCountry "CRO"]
[Source "Mirjana Medic"]
[SourceDate "2017.01.13"]

1. d4 d5 2. Bf4 e6 3. e3 Bd6 4. Bxd6 Qxd6 5. c3 Ne7 6. Bd3 c5 7. Nd2 cxd4 8.
exd4 Nbc6 9. Ngf3 e5 10. dxe5 Nxe5 11. Bb5+ Bd7 12. Qe2 Nxf3+ 13. Nxf3 Bxb5 14.
Qxb5+ Qc6 15. Nd4 Qxb5 16. Nxb5 O-O 17. O-O-O Rfd8 18. Rhe1 Rd7 19. Rd2 a6 20.
Nd4 g6 21. Nf3 Nc6 22. Nd4 Nxd4 23. Rxd4 Kf8 24. Red1 Rad8 25. c4 Ke7 26. cxd5
Rc8+ 27. Kb1 Kd6 28. Rb4 b5 29. a4 Rc4 30. Rxc4 bxc4 31. Kc2 Rb7 32. Rd2 Rb4
33. a5 Rb5 34. Kc3 Rxa5 35. Kxc4 Rc5+ 36. Kb4 Rxd5 37. Rxd5+ Kxd5 38. Ka5 Kc4
39. Kxa6 Kb3 40. Kb5 Kxb2 41. Kc6 Kc3 42. Kd7 Kd3 43. Ke7 f5 44. Kf6 Ke2 45. f4
Kf2 46. Kg7 Kxg2 47. Kxh7 Kf3 48. Kxg6 Kxf4 49. h4 Kg4 50. h5 f4 51. h6 f3 52.
h7 f2 53. h8=Q f1=Q 54. Qh5+ Kg3 55. Qg5+ Kf2 56. Qf4+ Kg1 1/2-1/2

[Event "Krapina op 7th"]
[Site "Krapina"]
[Date "2017.01.15"]
[Round "7.4"]
[White "Galoic, Boris"]
[Black "Hamer, Ivan"]
[Result "1-0"]
[WhiteElo "2041"]
[BlackElo "1956"]
[PlyCount "127"]
[EventDate "2017.01.12"]
[EventType "swiss"]
[EventRounds "7"]
[EventCountry "CRO"]
[Source "Mirjana Medic"]
[SourceDate "2017.01.13"]

1. d4 Nf6 2. Nf3 g6 3. e3 Bg7 4. Be2 O-O 5. O-O b6 6. b3 c5 7. Bb2 Qc7 8. c4
cxd4 9. Nxd4 Nc6 10. Nb5 Qb8 11. Nd2 Rd8 12. Bf3 Ng4 13. Bxg4 Bxb2 14. Rb1 Bg7
15. Bf3 a6 16. Nd4 Ra7 17. Ne4 Ne5 18. Ng5 h6 19. Ne4 Bb7 20. Nd2 Nxf3+ 21.
N2xf3 d5 22. cxd5 Bxd5 23. Qe2 e5 24. Nc2 Be4 25. Rbd1 Rc8 26. Rd2 a5 27. Rfd1
Bf8 28. h3 Rac7 29. Nce1 Rc5 30. Nh2 Kg7 31. Nf1 h5 32. Ng3 Bc6 33. e4 Bb5 34.
Qe3 Be7 35. Nd3 Rc3 36. Ne2 R3c6 37. Qg3 Bf6 38. Ne1 a4 39. Nf3 axb3 40. axb3
Bxe2 41. Rxe2 Rc3 42. Rb2 Qa8 43. Re2 Rxb3 44. Rd6 Rc5 45. Rxf6 Kxf6 46. Qg5+
Kg7 47. Kh2 Qe8 48. Rd2 f6 49. Qh4 Rb1 50. g4 g5 51. Nxg5 Rcc1 52. Nf3 Rc3 53.
gxh5 Qe6 54. Qg3+ Kf8 55. Rd8+ Ke7 56. Rd5 Qf7 57. Qg4 Rc7 58. Nh4 Ke8 59. Nf5
Rd7 60. Nd6+ Rxd6 61. Rxd6 Rc1 62. Rxb6 Rc7 63. Qf5 Ke7 64. h6 1-0

[Event "Krapina op 7th"]
[Site "Krapina"]
[Date "2017.01.15"]
[Round "7.5"]
[White "Takac, Zvonko"]
[Black "Kolic, Mario"]
[Result "1/2-1/2"]
[WhiteElo "2005"]
[BlackElo "1009"]
[PlyCount "33"]
[EventDate "2017.01.12"]
[EventType "swiss"]
[EventRounds "7"]
[EventCountry "CRO"]
[Source "Mirjana Medic"]
[SourceDate "2017.01.13"]

1. d4 Nf6 2. Nf3 e6 3. c4 Bb4+ 4. Nbd2 O-O 5. a3 Bxd2+ 6. Bxd2 d5 7. e3 Nc6 8.
Rc1 Ne7 9. Bd3 Ne4 10. Qc2 f5 11. Ne5 Bd7 12. Bb4 Rf6 13. Bxe7 Qxe7 14. cxd5
exd5 15. Qxc7 Rc8 16. O-O Rxc7 17. Rxc7 1/2-1/2

[Event "Krapina op 7th"]
[Site "Krapina"]
[Date "2017.01.15"]
[Round "7.6"]
[White "Bockaj, Ivan"]
[Black "Kozina, Zdenko"]
[Result "0-1"]
[WhiteElo "1912"]
[BlackElo "1925"]
[PlyCount "120"]
[EventDate "2017.01.12"]
[EventType "swiss"]
[EventRounds "7"]
[EventCountry "CRO"]
[Source "Mirjana Medic"]
[SourceDate "2017.01.13"]

1. d4 d5 2. Nf3 Nf6 3. e3 e6 4. Bd3 Bd6 5. a3 Nbd7 6. b3 e5 7. dxe5 Nxe5 8. Bb2
Nxd3+ 9. cxd3 O-O 10. O-O Re8 11. Nc3 c6 12. Ne2 Bg4 13. Ng3 Nh5 14. Qc2 Nxg3
15. hxg3 Bxf3 16. gxf3 Qg5 17. f4 Qg4 18. Kg2 Re6 19. Rh1 Rae8 20. Qd1 Qg6 21.
Rh4 f5 22. Qf3 Be7 23. Rh5 Bf6 24. Bxf6 Qxf6 25. d4 g6 26. Rh6 R6e7 27. Rah1
Qd6 28. b4 a5 29. Rb1 axb4 30. axb4 b5 31. Qd1 Rc8 32. Qc2 Rf7 33. Rhh1 Ra8 34.
Rhg1 Ra6 35. Qc3 Rfa7 36. Rb3 Qe7 37. Qc5 Qe4+ 38. Kh2 Ra2 39. Qd6 Rxf2+ 40.
Kh3 Raa2 41. Kh4 Kf7 42. Qd7+ Qe7+ 43. Qxe7+ Kxe7 44. Kg5 Kf7 45. g4 fxg4 46.
Kxg4 Rg2+ 47. Rxg2 Rxg2+ 48. Kf3 Rc2 49. Ra3 h6 50. Ra7+ Kf6 51. Ra8 g5 52.
fxg5+ Kxg5 53. Rg8+ Kf5 54. Rh8 Kg6 55. Rg8+ Kf7 56. Rg1 Rc4 57. Rb1 Kf6 58.
Rh1 Kg5 59. Rg1+ Kf5 60. Rh1 Rxb4 0-1

[Event "Krapina op 7th"]
[Site "Krapina"]
[Date "2017.01.15"]
[Round "7.7"]
[White "Klement, Dubravko"]
[Black "Zigovecki, Vladimir"]
[Result "0-1"]
[WhiteElo "1919"]
[BlackElo "1885"]
[PlyCount "86"]
[EventDate "2017.01.12"]
[EventType "swiss"]
[EventRounds "7"]
[EventCountry "CRO"]
[Source "Mirjana Medic"]
[SourceDate "2017.01.13"]

1. Nf3 Nf6 2. d4 g6 3. g3 Bg7 4. Bg2 O-O 5. c4 d6 6. O-O Nbd7 7. Nc3 e5 8. e3
Re8 9. Qc2 c6 10. b3 e4 11. Nd2 d5 12. cxd5 cxd5 13. Nb5 Re6 14. Ba3 Rc6 15.
Qb2 Ne8 16. Rac1 a6 17. Nc3 Nb6 18. Bc5 Be6 19. b4 Rac8 20. a4 Nd7 21. a5 b6
22. axb6 Nxb6 23. Ra1 Nd7 24. Ra5 Nxc5 25. dxc5 Rb8 26. Qa3 Nc7 27. Ndb1 f5 28.
Rd1 Be5 29. Bf1 Qf6 30. Qa4 Kf7 31. Qa3 g5 32. b5 axb5 33. Nxb5 f4 34. exf4
gxf4 35. N1c3 e3 36. Nxc7 exf2+ 37. Kh1 Bxc3 38. Ra8 Rxa8 39. Qxa8 Kg7 40. Nxd5
Bxd5+ 41. Rxd5 Re6 42. Rd7+ Re7 43. Qa7 Qc6+ 0-1

[Event "Krapina op 7th"]
[Site "Krapina"]
[Date "2017.01.15"]
[Round "7.8"]
[White "Lupinski, Valentin"]
[Black "Mlinaric, Andrija"]
[Result "0-1"]
[WhiteElo "1553"]
[BlackElo "1888"]
[PlyCount "76"]
[EventDate "2017.01.12"]
[EventType "swiss"]
[EventRounds "7"]
[EventCountry "CRO"]
[Source "Mirjana Medic"]
[SourceDate "2017.01.13"]

1. d4 Nf6 2. c4 d6 3. Nc3 e5 4. d5 a5 5. a4 Na6 6. e4 Nc5 7. Qc2 Be7 8. Nge2
O-O 9. Ng3 c6 10. Be2 Bd7 11. O-O Rb8 12. f4 exf4 13. Bxf4 cxd5 14. Nxd5 Nxd5
15. exd5 Qb6 16. Be3 Qb3 17. Bd3 Qxd3 18. Qf2 Qxc4 19. Rfd1 Qg4 20. Rd4 Qg6 21.
Rc4 b6 22. Ra3 Bg5 23. Bxg5 Qxg5 24. Ne4 Nxe4 25. Rxe4 Qc1+ 26. Re1 Qc5 27.
Rae3 Bxa4 28. Kh1 Rbe8 29. Qd2 Rxe3 30. Rxe3 Re8 31. Rc3 Qxd5 32. Qf2 Qd1+ 33.
Qg1 h6 34. Qxd1 Bxd1 35. h3 Rd8 36. Rd3 Be2 37. Re3 Bc4 38. b3 Be6 0-1

[Event "Krapina op 7th"]
[Site "Krapina"]
[Date "2017.01.15"]
[Round "7.9"]
[White "Golub, Nikolina"]
[Black "Kostelic, Tihomir"]
[Result "1-0"]
[WhiteElo "1856"]
[BlackElo "1720"]
[PlyCount "71"]
[EventDate "2017.01.12"]
[EventType "swiss"]
[EventRounds "7"]
[EventCountry "CRO"]
[Source "Mirjana Medic"]
[SourceDate "2017.01.13"]

1. d4 d5 2. c4 e6 3. Nc3 Nf6 4. Nf3 Be7 5. Bf4 O-O 6. e3 Nbd7 7. Bd3 c5 8. O-O
cxd4 9. exd4 dxc4 10. Bxc4 Nb6 11. Bb3 Nbd5 12. Nxd5 Nxd5 13. Bg3 Qb6 14. Qe2
Re8 15. Rfd1 Bd7 16. Ne5 Qd8 17. Qf3 f6 18. Bxd5 fxe5 19. Bxb7 Rb8 20. Bxe5 Rf8
21. Qg3 Bf6 22. Bxb8 Qxb8 23. Qb3 Qf4 24. g3 Qd6 25. Qd3 Ba4 26. b3 Be8 27.
Rac1 Bg6 28. Qa6 Qd7 29. Qc6 Rd8 30. Bc8 Qxc6 31. Rxc6 e5 32. Be6+ Kf8 33. d5
Ke7 34. Rc7+ Kd6 35. Rdc1 Be8 36. Rxa7 1-0

[Event "Krapina op 7th"]
[Site "Krapina"]
[Date "2017.01.15"]
[Round "7.10"]
[White "Lescan, Marijan"]
[Black "Cipan, Viktor"]
[Result "1/2-1/2"]
[WhiteElo "1818"]
[BlackElo "1663"]
[PlyCount "22"]
[EventDate "2017.01.12"]
[EventType "swiss"]
[EventRounds "7"]
[EventCountry "CRO"]
[Source "Mirjana Medic"]
[SourceDate "2017.01.13"]

1. d4 Nf6 2. Nf3 h6 3. g3 d5 4. Bg2 Bf5 5. O-O e6 6. b3 Bd6 7. Bb2 O-O 8. c4 c6
9. Nbd2 Nbd7 10. c5 Bc7 11. b4 Ne4 1/2-1/2